Cánh chim hy vọng

Tác giả chọn lọc những chuyện kể về những nhân vật nỗi tiếng trên thế giới như Napoleon, Roberto Baggio, Marie Curie ...

محفوظ في:
التفاصيل البيبلوغرافية
المؤلف الرئيسي: Ikeda, Daisaku
التنسيق: كتاب
اللغة:Undetermined
منشور في: Thành phố Hồ Chí Minh Trẻ 2006
الموضوعات:
الوسوم: إضافة وسم
لا توجد وسوم, كن أول من يضع وسما على هذه التسجيلة!
Thư viện lưu trữ: Trung tâm Học liệu Trường Đại học Cần Thơ
LEADER 00723nam a2200205Ia 4500
001 CTU_118517
008 210402s9999 xx 000 0 und d
020 |c 17500 
082 |a 808.83 
082 |b I.26 
100 |a Ikeda, Daisaku 
245 0 |a Cánh chim hy vọng 
245 0 |c Daisaku Ikeda ; Trần Quang Tuệ (dịch) 
260 |a Thành phố Hồ Chí Minh 
260 |b Trẻ 
260 |c 2006 
520 |a Tác giả chọn lọc những chuyện kể về những nhân vật nỗi tiếng trên thế giới như Napoleon, Roberto Baggio, Marie Curie ... 
650 |a Short stories 
904 |i Hiếu 
980 |a Trung tâm Học liệu Trường Đại học Cần Thơ